000 00711nam a22001937a 4500
005 2010072600210.0
010 _aENG-97041
020 _a9788189833558
_c650.00
035 _aEN-80574
037 _bDBAD/PUB
082 _a320.5320954
100 _aRandhir Singh
_91428
245 _aMarxism, socialism, Indian politics:
_ba view from the left /
_cby Randhir Singh
260 _aDelhi
_bAakar Books
_c2008
270 _a28 E Pocket IV, Mayur Vihar Phase I
_bDelhi
_e110091
300 _a455p.
_c22cm. (Hb)
942 _2ddc
_cEN
_h320.5320954
_mRAN
999 _c37676
_d37676